| Поле | Название | Значение |
| |
Тип записи |
i |
| |
Библиографический уровень |
m |
| 001 |
Контрольный номер |
LIBNET\0000383548 |
| 005 |
Дата корректировки |
20201206204959.7 |
| 010 |
Индекс ISBN |
__ |
| a |
ISBN |
(в кор.) |
| d |
Цена |
118-01 |
| 100 |
Данные общей обработки |
__ |
| a |
Данные общей обработки |
19160125d20102006||| 0rusy0189 ca |
| 101 |
Язык документа |
0_ |
| a |
Язык текста |
rus |
| 102 |
Страна публикации |
__ |
| a |
Страна публикации |
RU| |
| 105 |
Кодированные данные (монография) |
__ |
| a |
Кодированные данные (монография) |
nn|||||||d|zy |
| 127 |
Кодированные данные (звукозаписи-физические характеристики) |
__ |
| a |
Продолжительность проигрывания |
07 ч 04 мин |
| 200 |
Заглавие и сведения об ответственности |
1_ |
| a |
Заглавие |
Ревизор ; Женитьба ; Игроки |
| e |
Сведения, относящиеся к заглавию |
[аудиокнига : 12+] |
| f |
Первые сведения об ответственности |
Н. В. Гоголь ; читает Владимир Самойлов ; [звукорежиссеры: М. Ашарин, Е. Ланцова ; выпускающий редактор А. Коляскина] |
| b |
Общее обозначение материала |
Звукозапись |
| 210 |
Выходные данные |
__ |
| a |
Место издания |
Москва |
| c |
Издательство |
АРДИС |
| d |
Дата издания |
2010 |
| 215 |
Физическое описание |
__ |
| a |
Объем |
1 электрон. опт. диск (Audio CD) |
| c |
Иллюстрации/тип воспроизводства |
mp3, mono |
| d |
Формат |
12х14 см |
| 225 |
Серия |
__ |
| a |
Серия |
Литературные чтения |
| 230 |
Специфическая характеристика материала: электронные ресурсы |
__ |
| a |
Обозначение и объем ресурса |
Электронные звуковые данные |
| 300 |
Общие примечания |
__ |
| a |
Общие примечания |
Загл. с этикетки диска |
| 323 |
Примечание о главных создателях, исполнителях, участниках |
__ |
| a |
Примечание о главных создателях, исполнителях, участниках |
Самойлов, В. (читает) |
| 327 |
Примечание о содержании |
__ |
| a |
Примечание о содержании |
Женитьба |
| 327 |
Примечание о содержании |
__ |
| a |
Примечание о содержании |
Игроки |
| 330 |
Аннотация |
__ |
| a |
Аннотация |
Комедия о ложном ревизоре, как и пороки ее героев, бессмертна. В основе пьес "Женитьба" и "Игроки" лежат анекдоты. В первом случае - о неудачном сватовстве, во втором - о плутнях шулеров. Незамысловатые сюжеты автор повернул так, что пьесы запестрели не только ярко очерченными характерами персонажей и их нравами, но и мельчайшими элементами провинциального быта. |
| 333 |
Примечание о целевом назначении |
__ |
| a |
Примечание о целевом назначении |
12+. Для детей старше 12 лет |
| 337 |
Примечание о системных требованиях (электронные ресурсы) |
__ |
| a |
Примечание о системных требованиях (электронные ресурсы) |
Системные требования: MS Windows ; Pentium 100 ; RAM 16 Mb; CD-ROM; SVGA 800x600; звуковая карта; аудиосистемы с поддержкой MP3 |
| 517 |
Другие варианты заглавия |
__ |
| a |
Другие варианты заглавия |
Женитьба |
| 517 |
Другие варианты заглавия |
__ |
| a |
Другие варианты заглавия |
Игроки |
| 606 |
Тематические рубрики |
__ |
| a |
Основная рубрика |
Художественная литература |
| 606 |
Тематические рубрики |
__ |
| a |
Основная рубрика |
Русская литература XIX в. (произведения) |
| 610 |
Ключевые слова |
__ |
| a |
Ключевые слова |
драматические произведения |
| a |
Ключевые слова |
классическая литература |
| a |
Ключевые слова |
комедии |
| a |
Ключевые слова |
литературные герои |
| a |
Ключевые слова |
литературные персонажи |
| a |
Ключевые слова |
пьесы |
| a |
Ключевые слова |
русская классическая литература |
| a |
Ключевые слова |
тема выгоды |
| a |
Ключевые слова |
тема нравов |
| a |
Ключевые слова |
тема обмана |
| a |
Ключевые слова |
тема общества |
| a |
Ключевые слова |
тема плутовства |
| a |
Ключевые слова |
тема сатиры |
| a |
Ключевые слова |
тема сватовства |
| a |
Ключевые слова |
тема стяжательства |
| a |
Ключевые слова |
тема чиновничества |
| a |
Ключевые слова |
тема шулерства |
| a |
Ключевые слова |
Хлестаков |
| 686 |
Индексы других классификаций |
__ |
| 2 |
Код системы |
rubbks |
| a |
Классификационный индекс |
84(2=411.2)52-6я04 |
| 700 |
Автор |
_1 |
| a |
Фамилия |
Гоголь |
| b |
Имя |
Н. В. |
| f |
Даты |
1809-1852 |
| g |
Полное личное имя |
Николай Васильевич |
| 4 |
Код отношения |
070 |
| 702 |
Вторичная интеллектуальная ответственность |
_1 |
| a |
Фамилия |
Ашарин |
| b |
Имя |
М. |
| 4 |
Код отношения |
Звукорежиссер |
| 4 |
Код отношения |
570 |
| 702 |
Вторичная интеллектуальная ответственность |
_1 |
| a |
Фамилия |
Ланцова |
| b |
Имя |
Е. |
| 4 |
Код отношения |
Звукорежиссер |
| 4 |
Код отношения |
570 |
| 702 |
Вторичная интеллектуальная ответственность |
_1 |
| a |
Фамилия |
Коляскина |
| b |
Имя |
А. |
| 4 |
Код отношения |
Редактор |
| 4 |
Код отношения |
340 |
| 801 |
Источник записи |
_0 |
| a |
Страна |
RU |
| b |
Организация |
Муниципальное бюджетное учреждение культуры "Централизованная библиотечная система" г. Сургут (Центральная городская библиотека им. А. С. Пушкина) |
| c |
Дата составления |
20160125 |
| g |
Правила каталогизации |
КиК/Апакова |
| 801 |
Источник записи |
_1 |
| a |
Страна |
RU |
| b |
Организация |
Муниципальное бюджетное учреждение культуры "Централизованная библиотечная система" г. Сургут (Центральная городская библиотека им. А. С. Пушкина) |
| c |
Дата составления |
20160125 |
| g |
Правила каталогизации |
КиК/Апакова |
| 852 |
Данные о местонахождении |
__ |
| j |
Шифр хранения |
84(2=411.2)52-6я04 |
| i |
Авторский знак |
Г 58 |
| 901 |
Тип документа |
__ |
| t |
Тип документа |
0 |
| 903 |
Характеристики (МАРС) |
__ |
| a |
Дата передачи |
20160125 |
| 969 |
Тип издания |
__ |
| a |
Тип издания |
аудиокнига; издание для слепых; сборник |
| 990 |
Данные о заказе (DOS) |
__ |
| j |
Количество экземпляров (DOS) |
1 |
| t |
N записи в КСУ для И/У (DOS) |
201602 |